000
00314 a2200157 4500
001
58975
020
_a
8570569769
040
_c
Anchieta - Pituba
100
_a
Heck, Egon
240
1
0
_a
Povos indÃgenas
_l
por
245
1
0
_a
Povos indÃgenas
300
_a
79
362
0
_a
1999
650
4
_a
Brasil
942
_c
BK
999
_c
58975
_d
58975